000 00466nam a22001697a 4500
005 20260218085309.0
008 260218b |||||||| |||| 00| 0 eng d
020 _a9789388958608
050 _aRM 171
_b.N39
100 _aNAYAK, RAMADAS
245 _aMANUAL OF TRANSFUSION MEDICINE
260 _aNEW-DELHI
_bJAYPEE PUBLISHING
_c2020
300 _aXV, 613p.
_billus
650 _aBlood Transfusion 2. Transfusion Medicine
700 _aNAYAK, RAKSHATHA
942 _cBK
999 _c4536
_d4536